Možné priority českého předsednictví EU v ekonomické oblasti
Predpokladaný stav únijnej agendy v oblasti vnútorného trhu a ekonomických politík v prvom polroku 2009. Záujmy Českej republiky v oblasti vnútorného trhu a ekonomických politík EÚ. Návrh možných priorít českého predsedníctva EÚ. Hodnotenie doposiaľ stanovených vládnych priorít predsedníctva pre vnú...
Salvato in:
| Autore principale: | |
|---|---|
| Natura: | Capitolo di libro |
| Lingua: | ceco |
| Soggetti: | |
| Tags: |
Nessun Tag, puoi essere il primo ad aggiungerne!!
|
MARC
| LEADER | 00000naa$a2200000$$$4500 | ||
|---|---|---|---|
| 001 | 0078674 | ||
| 005 | 20220726092644.0 | ||
| 041 | 0 | |a cze | |
| 044 | |a CZ | ||
| 245 | 1 | 0 | |a Možné priority českého předsednictví EU v ekonomické oblasti |c Jan Hřích |
| 520 | |a Predpokladaný stav únijnej agendy v oblasti vnútorného trhu a ekonomických politík v prvom polroku 2009. Záujmy Českej republiky v oblasti vnútorného trhu a ekonomických politík EÚ. Návrh možných priorít českého predsedníctva EÚ. Hodnotenie doposiaľ stanovených vládnych priorít predsedníctva pre vnútorný trh a ekonomickej politiky. | ||
| 610 | 2 | 0 | |a integrácia ekonomická medzinárodná |
| 610 | 2 | 0 | |a Česko |
| 610 | 2 | 0 | |a Európska únia |
| 610 | 2 | 0 | |a politika hospodárska medzinárodná |
| 610 | 2 | 0 | |a trh vnútorný |
| 610 | 2 | 0 | |a Rada Európskej únie |
| 100 | 1 | |a Hřích, Jan | |